000 00474pab a2200169 454500
008 180718b2007 xxu||||| |||| 00| 0 eng d
100 _aPuri, Satish K.
245 _aIntegrating scientific with indigenous knowledge: constructing knowledge alliances for land management in India
260 _c2007
300 _ap.355-79.
362 _aJun
650 _aLand economics - India
650 _aLand economics
773 _aMIS Quarterly
908 _aN
909 _a75248
999 _c75248
_d75248